Hunter x Hunter Characters - Statistics

General Stats
  • This quiz has been taken 125 times
  • The average score is 22 of 30
Answer Stats
Hint Answer % Correct
Gon's best friend Killua
100%
Gon's dad Ging
98%
Clown whose ability has both the properties of rubber and gum Hisoka
98%
The last of the Kurta clan Kurapika
98%
King of the Chimera Ants Meruem
98%
Gon's friend studying to be a doctor Leorio
97%
Leader of the phantom troupe Chrollo
94%
Head of the Hunter association Netero
94%
Oldest Zoldyck brother Illumi
91%
Dad of the Zoldyck family Silva
88%
Grandpa of the Zoldyck family Zeno
85%
Hunter who is Ging's apprentice and helps Gon into the NGL Kite
84%
The other student of the nen teacher Zushi
81%
Ninja who fought Gon in the Hunter exam Hanzo
80%
Wish granting Zoldyck sibling Alluka
79%
Member of the King's royal guard who kills the answer above Pitou
76%
Gon's first nen teacher in Heavens Arena Wing
75%
Gungi champion who befriends Chimera ant king Komugi
65%
Alternate personality of one above Nanika
65%
Rookie Crusher Tonpa
64%
Member of the King's royal guard who plays the violin Pouf
62%
Volleyball opponent and leader of the pirates in Greed Island Razor
61%
The Bomber Genthru
60%
Student to the answer above who has Hakoware as his Nen ability Knuckle
57%
Nen master who uses a giant pipe to fight the Chimera Ants Morel
55%
Helps with Gon's nen training in Greed Island Bisky
49%
The other student who has Hotel Rafflesia as his Nen ability Shoot
48%
Butler to the Zoldyck family Gotoh
46%
Leader of the NGL Gyro
37%
Final King's Royal Guard member Yuupi
8%
No matching quizzes found
Score Distribution
Percent of People with Each Score
Percentile by Number Answered
Your Score History
You have not taken this quiz